000 00317 a2200157 4500
001 165232
020 _a
040 _cMagnum
100 _aAlbergaria, Lino de
240 1 0 _aA boneca e o saci
_lpor
245 1 0 _aA boneca e o saci
362 0 _a1899
440 1 _aDimensão
697 _aIJ/GERAL
942 _cBK
999 _c165232
_d165232